苏州古城十城门地图 Map of the ten gates of Suzhou Ancient City - Statistics

General Stats
  • This quiz has been taken 21 times
  • The average score is 5 of 10
Answers on the Map
Answers color-coded by a green-red scale on the quiz's map according to % correct below.
 
Answer Stats
城门 % Correct
阊门
87%
平门
80%
盘门
60%
匠门
60%
葑门
53%
金门
47%
胥门
47%
娄门
40%
齐门
33%
蛇门
27%
No matching quizzes found
Score Distribution
Percent of People with Each Score
Percentile by Number Answered
Your Score History
You have not taken this quiz